Elbow Grease / (Record no. 238084)
[ view plain ]
| 000 -LEADER | |
|---|---|
| fixed length control field | 01554pam a2200385 i 4500 |
| 001 - CONTROL NUMBER | |
| control field | BK0022110783 |
| 003 - CONTROL NUMBER IDENTIFIER | |
| control field | DLC |
| 005 - DATE AND TIME OF LATEST TRANSACTION | |
| control field | 20181026141620.0 |
| 008 - FIXED-LENGTH DATA ELEMENTS--GENERAL INFORMATION | |
| fixed length control field | 171218s2018 nyua a 000 1 eng d |
| 010 ## - LIBRARY OF CONGRESS CONTROL NUMBER | |
| LC control number | 2017054309 |
| 020 ## - INTERNATIONAL STANDARD BOOK NUMBER | |
| International Standard Book Number | 1524773506 |
| Terms of availability | 17.99 |
| 037 ## - SOURCE OF ACQUISITION | |
| Source of stock number/acquisition | Random House Childrens Books, Attn Order Entry 400 Hahn rd, Westminister, MD, USA, 21157 |
| Note | SAN 201-3975 |
| 040 ## - CATALOGING SOURCE | |
| Original cataloging agency | DLC |
| Language of cataloging | eng |
| Description conventions | rda |
| Transcribing agency | DLC |
| Modifying agency | NjBwBT |
| -- | GCmBT |
| 092 ## - LOCALLY ASSIGNED DEWEY CALL NUMBER (OCLC) | |
| Classification number | easy |
| 100 1# - MAIN ENTRY--PERSONAL NAME | |
| Personal name | Cena, John, |
| Relator term | author. |
| 9 (RLIN) | 54755 |
| 245 10 - TITLE STATEMENT | |
| Title | Elbow Grease / |
| Statement of responsibility, etc | by John Cena ; illustrated by Howard McWilliam. |
| 250 ## - EDITION STATEMENT | |
| Edition statement | First edition. |
| 264 #1 - Production, Publication, Distribution, Manufacture, and Copyright Notice. | |
| Place of production, publication, distribution, manufacture | New York : |
| Name of producer, publisher, distributor, manufacturer | Random House, |
| Date of production, publication, distribution, manufacture, or copyr | [2018] |
| 300 ## - PHYSICAL DESCRIPTION | |
| Extent | 1 volume (unpaged) : |
| Other physical details | color illustrations ; |
| Dimensions | 27 cm. |
| 336 ## - Content Type | |
| Content type term | text |
| 336 ## - Content Type | |
| Content type term | still image |
| 337 ## - Media type | |
| Media type term | unmediated |
| 338 ## - Carrier type | |
| Carrier type term | volume |
| 520 ## - SUMMARY, ETC. | |
| Summary, etc | Elbow Grease, a small, electric truck with a lot of gumption, enters the Monster Truck Grand Prix to prove to his brothers that he is just as capable as they are. |
| 650 #1 - SUBJECT ADDED ENTRY--TOPICAL TERM | |
| Topical term or geographic name as entry element | Monster trucks |
| Form subdivision | Fiction. |
| 9 (RLIN) | 5754410 |
| 650 #1 - SUBJECT ADDED ENTRY--TOPICAL TERM | |
| Topical term or geographic name as entry element | Trucks |
| Form subdivision | Fiction. |
| 9 (RLIN) | 5675041 |
| 650 #1 - SUBJECT ADDED ENTRY--TOPICAL TERM | |
| Topical term or geographic name as entry element | Determination (Personality trait) |
| Form subdivision | Fiction. |
| 9 (RLIN) | 5719223 |
| 650 #1 - SUBJECT ADDED ENTRY--TOPICAL TERM | |
| Topical term or geographic name as entry element | Ability |
| Form subdivision | Fiction. |
| 9 (RLIN) | 5673895 |
| 650 #1 - SUBJECT ADDED ENTRY--TOPICAL TERM | |
| Topical term or geographic name as entry element | Brothers |
| Form subdivision | Fiction. |
| 9 (RLIN) | 5674799 |
| 700 1# - ADDED ENTRY--PERSONAL NAME | |
| Personal name | McWilliam, Howard, |
| Dates associated with a name | 1977- |
| Relator term | illustrator. |
| 9 (RLIN) | 5754411 |
| 776 08 - ADDITIONAL PHYSICAL FORM ENTRY | |
| Display text | Online version: |
| 776 08 - ADDITIONAL PHYSICAL FORM ENTRY | |
| Main entry heading | Cena, John. |
| Title | Elbow Grease |
| Place, publisher, and date of publication | New York : Doubleday, [2018] |
| International Standard Book Number | 9781524773526 |
| Record control number | (DLC) 2018001487. |
| 907 ## - LOCAL DATA ELEMENT G, LDG (RLIN) | |
| a | .b398128285 |
| 942 ## - ADDED ENTRY ELEMENTS (KOHA) | |
| Source of classification or shelving scheme | Dewey Decimal Classification |
| Koha item type | BOOK |
| Withdrawn status | Lost status | Source of classification or shelving scheme | Damaged status | Not for loan | Collection code | Home library | Current library | Shelving location | Date acquired | Source of acquisition | Total Checkouts | Total Renewals | Full call number | Barcode | Date last seen | Date checked out | Cost, replacement price | Price effective from | Koha item type |
|---|---|---|---|---|---|---|---|---|---|---|---|---|---|---|---|---|---|---|---|
| Dewey Decimal Classification | Children Picture Books | Wasatch County Library | Wasatch County Library | Main Floor Childrens Area | 06/24/2020 | Baker & Taylor | 33 | 24 | E Cena | 34301001691205 | 01/06/2026 | 01/05/2026 | 17.99 | 06/24/2020 | BOOK |
